| 000 | 00459cam a2200181ua 4500 | ||
|---|---|---|---|
| 001 | 641 | ||
| 005 | 20260515113212.0 | ||
| 008 | 110411n ii |||gr||||Z||||||eng | ||
| 040 | _cMAIN | ||
| 082 | _a211.60954 | ||
| 245 | 1 | _aSecularism in India | |
| 250 |
_a1st. / _bedited by V.K.Singh. |
||
| 260 |
_aCalcutta: _bLalvani publishing house,968. |
||
| 300 |
_axviii, 212p.: _c20cm. |
||
| 653 | _aPolitical science | ||
| 653 | _aSecularism in India | ||
| 942 | _cBK | ||
| 999 |
_c570 _d570 |
||